000 01297nam a2200313 c 4500
003 BLK
005 20180422112215.0
008 180409b bul|||||r ||||||| ||bul||
010 _aKNG00145490000
040 _aBLK
041 _aBUL
_cBUL
080 _aБългарска литература
_b821.163.2
_x-93-1
_z821.163.2-93-1
100 1 _aДушков, Атанас Гаврилов
_eпърви автор
_9365078
700 1 _aРусчев, Апостол
_eхудож.
_9371056
139 _aДушков, Атанас Гаврилов
_bД 94
245 1 0 _aЮнаци-веселяци
_bСтихотворения, гатанки, хумор
_cАтанас Гаврилов Душков; худож. Апостол Русчев.
257 _aBGR
260 София
_bНар. младеж
_c1960
300 _a80 с.
_bс ил.
_c20 см
380 _aDX
500 _aЗа начална и средна училищна възраст. - 5 100 тир.
653 _aдетска литература
653 _aлитература за деца
852 _aЦб 260770
856 4 _qpdf
_u
856 4 _qpdf
_u
942 _cKNG
_n0
944 _aCR
_c10.07.2013
_l10.07.2013 - от С1,Р / 10.07.2013
_kРадинела_Гицова
944 _aED
_c10.07.2013
_l10.07.2013 - от С1,Р / 10.07.2013
_k
999 _c139446
_d139446